MDQL
is popping MORE tags! Check the
thread
!
Quizzes
Events
Quiz Creation
Community
Videos
Private Events
Remove Ads
Sign In
Join for FREE
Feedback
Dark Mode
Quiz Categories
Sports
Geography
Music
Movies
Television
Just For Fun
Miscellaneous
History
Literature
Language
Science
Gaming
Entertainment
Religion
Holiday
For Kids
Quiz Lab
Recent
Popular Today
Quiz Kudos Today
Editor Picks
Curator Picks
Quizzes by...
Day
Popularity
Type
Ratings
Length
Year
Community
Subscriptions
Recent Discussions
Orange Saloon
Badges
Playlists
Quests
Create
Leaderboards
Showdown
Live 5
Trivia Bingo
Activity
Puzzle Library
Sporcle Events
Private Events
Virtual Trivia
Globe League
Become a Host
Pub Owners
SporcleCon
Opinionation
Our Games
Videos
Blog
Mobile Apps
Partnerships
Remove Ads and Go Orange
Feedback
Television
TV Characters
TV Show
Sitcom
Network
Friends
Reality Shows
Cast
South Park
Star Trek
The Simpsons
Doctor Who
Television
TV Characters
TV Show
Sitcom
Network
Friends
Reality Shows
Cast
South Park
Star Trek
The Simpsons
Doctor Who
Random Quiz
Search Sporcle
×
Quiz Lab
Quiz Lab
Television
Cast
Type in answers that appear in a list
Type in answers that appear in a list
Classic
Best Score? Go Orange.
Pretty Little Liars Season 1 cast Stats
Can you name the Pretty Little Liars Season 1 cast?
By
toyabug9586
10m
43 Questions
62 Plays
62 Plays
62 Plays
Comments
Comments
Give Quiz Kudos
Give Quiz Kudos
-
- Ratings
hide this ad
Forced Order
Answers have to be entered in order
Answers have to be entered in order
Wrong Answers
Some wrong answers will appear in red
Some wrong answers will appear in red
Replay
Link that replays current quiz
Next Quiz
Link to next quiz in quiz playlist
You Got
0%
They Got
Avg Score
50%
Avg Friend Score
Upgrade to see
Score Distribution
Jump to the score distribution portion of the page
Score
0/43
Timer
10:00
0
Plays Today
Hint
Answer
% Correct
Liar
???
98.4%
Liar
???
98.4%
Liar
???
98.4%
Liar
???
98.4%
Boyfriend
???
83.9%
Mother
???
80.6%
Liar
???
80.6%
Mother
???
79%
Father
???
77.4%
Girlfriend/
dead
???
75.8%
Boyfriend
???
72.6%
Step-
sister
???
72.6%
Sister
???
64.5%
Doctor/
ex-
boyfriend
???
58.1%
Friend
???
54.8%
Brother
???
54.8%
Boyfriend
???
53.2%
Father's Affair
???
51.6%
Mother
???
50%
Ex-
boyfriend
???
50%
Ex-
boyfriend
???
43.5%
Friend
???
41.9%
Hint
Answer
% Correct
Father
???
41.9%
Brother
???
41.9%
Girlfriend
???
40.3%
Cop
???
40.3%
Step-
sister
???
40.3%
Mother
???
38.7%
Step-
mom
???
37.1%
Father
???
32.3%
Delivery Person
???
32.3%
Ex-
boyfriend
???
29%
Ex-
boyfriend
???
29%
Ex-
boyfriend
???
29%
Mother
???
29%
Father
???
29%
Ex-
girlfriend
???
29%
Baby-
sitter
???
27.4%
Boyfriend's Ex
???
27.4%
Cop
???
14.5%
Cop
???
9.7%
Coach
???
9.7%
Teacher
???
6.5%
Quiz Playlist
Details
Report
Send in Message
Add To Playlist
Classic:
Type in answers that appear in a list
Forced Order:
Answers have to be entered in order
Wrong Answers:
Some wrong answers will appear in red
Last Updated: Nov 29, 2017
Quiz Scoreboard
CHALLENGE
Sign Up to Join the Scoreboard
Show All
Scores
Hide
Comments
May contain spoilers
Recently Published
1-10 Letter E Words III
by El_Dandy
Language
2m
Street Fighter Characters
by Artimus82
Gaming
60s
College Basketball Coaching Resumes
by pancakes188
Sports
9m
More to Explore
Quiz From the Vault
Featured Blog Post
Where Did the Easter Bunny Come From?
hide this ad
You Might Also Like...
Tags
Cast Quiz
liar
little
Pretty
season
Today's Top Quizzes in Television
Browse Television
hide this ad
Today's Top Quizzes in Cast
Browse Cast
Top Contributed Quizzes in Television
1
5-to-1: The Simpsons Families
2
Adjectives in 80s TV Shows
3
Adjectives in 00s TV Shows
4
Survivor Journey Challenge
5
5-to-1: Television Doctors
6
7-to-1: TV Show Settings
7
Adjectives in 10s TV Shows
8
5-to-1: Streaming Originals
9
Survivor Seasons
10
Adjectives in 70s TV Shows
Explore More
Trending Topics
Marvel
Harry Potter
Anime
Kpop
Disney
Crossword
NBA
The Office
Country
Pokémon
Soccer
NFL
Puzzle
Song
WWE
hide this ad
More By:
toyabug9586
Quiz
Plays
Rating
Category
Featured
Created
Pretty Little Liars Love Game
211
5.00
Television
Mar 9, 2018
Pretty Little Liars Season 4 cast
120
Television
Nov 29, 2017
Pretty Little Liars Cast (All seasons)
114
Television
Dec 1, 2017
Pretty Little Liars Love interests season 1-4
113
Entertainment
Nov 13, 2018
Pretty Little Liars Texts Season 1
103
Entertainment
Nov 27, 2017
Go to Creator's Profile
Score Distribution
Quiz Creator Spotlight
toyabug9586
Follow
Send a Message
Quizzes Created
-
Created Quiz Play Count
-
More By This Creator
Popular Quizzes Today
1
Find the US States - No Outlines Minefield
2
Find the Countries of Europe - No Outlines Minefield
3
The Countries of the World
4
Find the US States
5
Risky Map Clicking: Biggest States A-Z
6
US States
7
Popular People in 1961
8
Movies - When Are They Set?
More Television Quizzes
The 100: John Murphy by Season
Quiz Lab
Trending Quizzes
Risky Map Clicking: Least Populous States A-Z
Billboard Blitz: Aretha Franklin
Famous Russians: Author or Composer?
1-10 Letter G Words
Countries of the World: 200 Million BC
Recently Updated
Leaping Animals
pecheneg
Reality TV Shows (A-Z)
bhenderson79
Rickey Henderson's Hall of Fame Teammates
pecheneg
Champions League XIs: Arsenal
pecheneg
Quick Pick: Celebrities in WWE's Hall of Fame
aduchscher
A-Z Keypad Blitz II
pecheneg
Multiple Oscar Actors
pecheneg
Mystery Phrase Blitz: Oscar 'Best Actors'
pecheneg
F. Scott Fitzgerald Novels
LTH
Pick 3 Villains
ddd62291
Trending Topics
Crossword
NBA
Marvel
Disney
Kpop
Anime
Harry Potter
Puzzle
WWE
NFL
The Office
Soccer
Song
Pokémon
Country
Your Account Isn't Verified!
In order to create a playlist on Sporcle, you need to verify the email address you used during registration. Go to your
Sporcle Settings
to finish the process.
Report this User
Report this user for behavior that violates our
Community Guidelines
.
Details:
Send Report
Go to the Sporcle.com Mobile Site →
Comments